Which Television Character? Quiz Stats

 Plays Quiz Updated Sep 19, 2018

Score 0/20 Timer 04:00
3 Plays Today
Question Answer Wrong Answers
Cheers: Which character is not an employee of the bar? Norm Peterson
86.8%
Woody Boyd
2.9%
Carla Tortelli
4.7%
Sam Malone
2.2%
The Big Bang Theory: Which character is not in the first season? Amy Farrah Fowler
86.7%
Sheldon Cooper
0.7%
Raj Koothrappali
2.8%
Penny
6.7%
Friends: Which character is a chef? Monica Geller
83.6%
Chandler Bing
4.5%
Phoebe Buffay
3.9%
Joey Tribbiani
5%
Sex and the City: Which character dates Mr. Big? Carrie Bradshaw
81.6%
Charlotte York Goldenblatt
4%
Samantha Jones
7%
Miranda Hobbes
4.2%
Breaking Bad: Which character is known by the alias 'Heisenberg'? Walter White
72.5%
Jesse Pinkman
9.2%
Gustavo Fring
5.7%
Hank Schrader
9.1%
Brooklyn Nine-Nine: Which character is not a police officer? Gina Linetti
72.1%
Jake Peralta
5.8%
Rosa Diaz
8%
Charles Boyle
10.7%
Star Trek: Which character is a doctor? Leonard Mccoy
69.3%
Captain Kirk
7.7%
Hikaru Sulu
14.1%
Nyota Uhura
5.8%
Full House: Which character is D.J. Tanner's uncle? Jesse Katsopolis
68.1%
Joey Gladstone
18%
Danny Tanner
7.2%
Steve Hale
3.4%
Game of Thrones: Which character did not serve in the Night's Watch? Bronn
55.2%
Jon Snow
8.9%
Jeor Mormont
12%
Samwell Tarly
20.3%
Dexter: Which character was engaged to the Ice Truck Killer? Debra Morgan
53.1%
Dexter Morgan
6.9%
Maria LaGuerta
8.8%
Lumen
27.3%
The Office: Which character works in accounting? Oscar Martinez
50.7%
Jan Levinson
7.2%
Stanley Hudson
18.1%
Meredith Palmer
20.6%
The Walking Dead: Which character never visited Hershel's farm? Michonne
50.4%
Dale Horvath
18.7%
Rick Grimes
9.5%
Maggie Greene
17.6%
Arrested Development: Which character is not genetically related to George Bluth Sr? Lindsay Bluth
47.6%
GOB Bluth
19.2%
Michael Bluth
9.6%
George Michael Bluth
19.8%
Stranger Things: Which character's real name is Jane Ives? Eleven
46.4%
Max Mayfield
20.6%
Nancy Wheeler
17.6%
Karen Wheeler
11.8%
This Is Us: Which character has a different birthday than the other three? Rebecca Pearson
41.6%
Kate Pearson
19.6%
Randall Pearson
20.8%
Kevin Pearson
14.3%
Sons of Anarchy: Which character was awarded full SAMCRO membership posthumously? Half Sack
37.5%
Tig
16.2%
Jax
23.2%
Juice
19%
Seinfeld: Which character did not appear in the pilot? Elaine Benes
35.1%
Jerry Seinfeld
1.8%
George Costanza
12.4%
Cosmo Kramer
47.4%
Law & Order: Which character was killed in a car accident? Claire Kincaid
34%
Jack McCoy
18%
Alexandra Borgia
27.3%
Adam Schiff
16.9%
The Sopranos: Which character survived to the end of the show? Paulie Gualtieri
33%
Livia Soprano
12.2%
Christopher Moltisanti
21.6%
Adriana La Cerva
29.2%
Lost: Which character was never the protector of the island? Kate Austen
31.5%
Jack Shepherd
9.9%
Jacob
25.5%
Hugo Reyes
29.4%

You're not logged in!

Compare scores with friends on all Sporcle quizzes.
OR
Log In

Show Comments

Extras

Top Quizzes Today


Score Distribution

Your Account Isn't Verified!

In order to create a playlist on Sporcle, you need to verify the email address you used during registration. Go to your Sporcle Settings to finish the process.

Report this User

Report this user for behavior that violates our Community Guidelines.

Details: